2022 Buffalo Bills Players Colleges - Statistics

General Stats
  • This quiz has been taken 81 times
    77 since last reset
  • The average score is 34 of 76
Answer Stats
Position Player College % Correct
QB Josh Allen Wyoming
94%
WR Tanner Gentry (PS) Wyoming
94%
RB James Cook Georgia
90%
WR Isaiah McKenzie Georgia
90%
WR Stefon Diggs Maryland
83%
CB Kaiir Elam Florida
79%
CB Tre'Davious White (IR) LSU
72%
P Reid Ferguson LSU
72%
OG Ike Boettger (PUP) Iowa
70%
DE AJ Epenesa Iowa
70%
FS Micah Hyde (IR) Iowa
70%
DE Shaq Lawson Clemson
68%
OLB Baylon Spector Clemson
68%
TE Dawson Knox Ole Miss
65%
QB Matt Barkley (PS) USC
65%
OLB Von Miller Texas A&M
62%
MLB Tyrel Dodson Texas A&M
62%
QB Case Keenum Houston
61%
WR Marquez Stevenson (IR) Houston
61%
DT Ed Oliver Houston
61%
RB Zack Moss Utah
61%
WR Khalil Shakir Boise State
59%
TE Tommy Sweeney Boston College
55%
OLB Matt Milano Boston College
55%
OG Bobby Hart Florida State
54%
CB Xavier Rhodes (PS) Florida State
54%
WR Gabe Davis UCF
54%
DT Tim Settle Virginia Tech
54%
MLB Tremaine Edmunds Virginia Tech
54%
OT Alec Anderson (PS) UCLA
52%
DT Eli Ankou (PS) UCLA
52%
WR Isaiah Hodgins (PS) Oregon State
49%
SS Jordan Poyer Oregon State
49%
CB Dane Jackson Pittsburgh
48%
FS Damar Hamlin Pittsburgh
48%
OT Dion Dawkins Temple
46%
MLB Tyler Matakevich Temple
46%
C Greg Van Roten Penn
45%
RB Devin Singletary Florida Atlantic
44%
DT Brandin Bryant Florida Atlantic
44%
OLB Terrel Bernard Baylor
39%
OG Ryan Bates Penn State
38%
DT DaQuan Jones Penn State
38%
DT Jordan Phillips Oklahoma
37%
WR Jamison Crowder Duke
35%
OLB Joe Giles-Harris (PS) Duke
35%
RB Duke Johnson (PS) Miami (FL)
35%
DE Gregory Rousseau Miami (FL)
35%
SS Jaquan Johnson Miami (FL)
35%
CB Jordan Miller (PS) Washington
35%
CB Cam Lewis Buffalo
34%
CB Ja'Marcus Ingram (PS) Buffalo
34%
CB Christian Benford Villanova
32%
WR Jaquarii Roberson (PS) Wake Forest
32%
DE Carlos Basham Jr Wake Forest
32%
OG Rodger Saffold III Indiana
30%
OT Tommy Doyle (IR) Miami (OH)
30%
OLB Andre Smith (SUSP) North Carolina
30%
CB Kyler McMichael (PS) North Carolina
30%
C Mitch Morse Missouri
28%
K Tyler Bass Georgia Southern
27%
FB Reggie Gilliam Toledo
27%
C Greg Mancz (PS) Toledo
27%
OT Spencer Brown Northern Iowa
25%
OT Justin Murray Cincinnati
20%
TE Quintin Morris Bowling Green
17%
CB Taron Johnson Weber State
15%
CB Siran Neal Jacksonville State
14%
OT Ryan Van Demark (PS) UConn
14%
DE Mike Love (PS) South Florida
8%
LS Sam Martin Appalachian State
7%
RB Taiwan Jones Eastern Washington
6%
OT David Quessenberry San Jose State
6%
TE Zach Davidson (PS) Central Missouri
4%
DT Justin Zimmer (PS) Ferris State
4%
WR Jake Kumerow UW-Whitewater
4%
No matching quizzes found
Score Distribution
Percent of People with Each Score
Percentile by Number Answered
Your Score History
You have not taken this quiz since the last reset